00438pab a2200157 454500008004000000100002200040245007400062260000900136300001500145362000800160650002800168650002600196650001800222700001600240773002400256180718b2015 xxu||||| |||| 00| 0 eng d aSa, Sachita Nanda aPublic health expenditure in India, 1991-2009: growth and instability c2015 ap.103-122. aJun aHealth services - India aPublic health - India aPublic health aSridevi, G. aMan and Development